Ecological economics : concepts and methods

Αποθηκεύτηκε σε:
Λεπτομέρειες βιβλιογραφικής εγγραφής
Κύριος συγγραφέας: Faber, Malte Michael
Άλλοι συγγραφείς: Manstetten, Reiner 1953-, Proops, John L. R. 1947-
Μορφή: Βιβλίο
Γλώσσα:English
Δημοσίευση: Cheltenham : Edward Elgar, c1998
Θέματα:
Ετικέτες: Προσθήκη ετικέτας
Δεν υπάρχουν, Καταχωρήστε ετικέτα πρώτοι!

MARC

LEADER 00000nam a2200000 i 4500
001 1/17335
008 981006s1998 eng d
020 |a 1-85898-283-9 
035 |l 10020515 
040 |a GR-MY-UA  |b    |e aacr 
041 0 |a eng 
082 0 |a 333.7 
100 1 |a Faber, Malte Michael. 
245 1 0 |a Ecological economics :  |b concepts and methods /  |c Malte Faber; Reiner Manstetten; John Proops 
260 |a Cheltenham :   |b Edward Elgar,   |c c1998 
300 |a 342 σ.  |b διαγρ. 
504 |a Περιλαμβάνει βιβλιογραφικές παραπομπές και ευρετήριο 
650 0 0 |a Environmental economics. 
700 1 |a Manstetten, Reiner  |d 1953- 
700 1 |a Proops, John L. R.  |d 1947- 
852 |a INST  |b LESVOS  |e 19981006  |h 333.7 FAB  |p 005100018000  |q 005100018000  |t BK  |y 0 
901 |a BIBL-1998-3 
909 |a Λ  |b 059092 
922 |a 1ΕΛΗ  |b 199809  |c ΚΠΣ/ΤΠ  |d ΠΑΠΑΣΩΤΗΡΙΟΥ 
950 |a 107-1998-04-06